The fishing industries of Scotland, 1790-1914 : a study in regional adaptation /

Bibliographic Details
Main Author: Gray, Malcolm
Format: Book
Language:English
Published: Oxford [England] : Published for the University of Aberdeen by Oxford University Press, 1978.
Series:Aberdeen University studies ; no. 155.
Subjects:

MARC

Tag First Indicator Second Indicator Subfields
LEADER 00000cam a22000008i 4500
001 in00000327921
005 20151011050251.0
008 780517s1978 enk 00010 eng
010 |a  78040244  
015 |a GB78 
020 |a 0197141056 :  |c 7.50 
035 |a (OCoLC)04004206 
035 |9 ABJ9874AM 
040 |a DLC  |c DLC  |d TXA  |d UtOrBLW 
043 |a e-uk-st 
049 |a TXAM  |c [1156804] 
050 0 0 |a SH259  |b .G7 
082 0 |a 338.3/72/709411 
100 1 |a Gray, Malcolm. 
245 1 4 |a The fishing industries of Scotland, 1790-1914 :  |b a study in regional adaptation /  |c Malcolm Gray. 
264 1 |a Oxford [England] :  |b Published for the University of Aberdeen by Oxford University Press,  |c 1978. 
300 |a 230 pages ;  |c 22 cm. 
336 |a text  |b txt  |2 rdacontent 
337 |a unmediated  |b n  |2 rdamedia 
338 |a volume  |b nc  |2 rdacarrier 
490 1 |a Aberdeen University studies,  |v no. 155 
500 |a Includes index. 
504 |a Bibliography: pages [219]-223. 
650 0 |a Fisheries  |x Economic aspects  |z Scotland. 
650 0 |a Fisheries  |z Scotland. 
830 0 |a Aberdeen University studies ;  |v no. 155. 
999 |a MARS 
999 f f |s 8713e0a1-e7be-3f51-a9f5-b723ccd098f0  |i fb0a8869-1916-3a71-a07c-3f0c9bf70e07  |t 0 
952 f f |p ric  |a Texas A&M University  |b Rellis Campus  |c Joint Library Facility  |d Remote Storage  |t 0  |e SH259 .G7  |h Library of Congress classification  |i unmediated -- volume  |m A14805249339 
998 f f |a SH259 .G7  |t 0  |l Remote Storage